000
00279nam a22001337a 4500
008
210427b ||||| |||| 00| 0 eng d
041
_a
eng
080
_a
72
082
_a
72
100
_a
41
101
_a
ARK
245
_a
Tools for Conviviality
_c
Illich,I
942
_2
udc
_c
BK
999
_c
56812
_d
56812